000 00321nam a22001457a 4500
003 SGT
020 _a9788120810099
082 _a320
_bALT
100 _aALTEKAR A.S
245 _aSTATE AND GOVERNMENT IN ANCIENT INDIA
250 _a7
260 _aMOTILAL BANARSIDASS
_bDELHI
_c2016
300 _a404
942 _2ddc
_cBK
999 _c25764
_d25764